header

Julie of the wolves (Record no. 263527)

MARC details
000 -LEADER
fixed length control field 00226nam a22000977a 4500
020 ## - INTERNATIONAL STANDARD BOOK NUMBER
ISBN 9780064400589
100 ## - MAIN ENTRY--AUTHOR NAME
Personal name Jean Craighead George
245 ## - TITLE STATEMENT
Title Julie of the wolves
260 ## - PUBLICATION, DISTRIBUTION, ETC. (IMPRINT)
Place of publication New York
Name of publisher HarperCollins
Year of publication 1972
942 ## - ADDED ENTRY ELEMENTS (KOHA)
Koha item type Long Loan Books
Holdings
Withdrawn status Lost status Collection code Home library Current library Shelving location Date acquired Accession Number Koha item type
    Fiction Rongo University Library Rongo University Library Children's Area 24/04/2024 CL2022221 Long Loan Books

© 2026 Rongo University
Contact us: librarian | system librarian | Rongo university